Statistiche per Elenca la formazione - Quiz n°23

Clicka qui per fare il quiz!

Statistiche generali

  • Questo quiz è stato fatto 37 volte
  • Il punteggio medio è 10 su 11

Statistiche sulle risposte

RuoloNazioneCalciatore% Corretto
DifensoreInghilterraChris Smalling
100%
PortierePortogalloRui Patricio
100%
AttaccanteInghilterraTammy Abraham
100%
DifensoreItaliaGianluca Mancini
97%
CentrocampistaArmeniaHenrikh Mkhitaryan
94%
CentrocampistaPoloniaNicola Zalewski
94%
TrequartistaItaliaLorenzo Pellegrini
91%
TrequartistaItaliaNicolò Zaniolo
91%
CentrocampistaItaliaBryan Cristante
88%
DifensoreBrasileRoger Ibañez
85%
CentrocampistaPaesi BassiRick Karsdorp
74%

Distribuzione punteggi

Percentile per numero di risposta

Percentuale di utenti per punteggio

I tuoi punteggi nel tempo

Non hai fatto questo quiz